[Event "1st 4NCL International Open"]
[Site "Telford"]
[Date "2018.11.03"]
[Round "7"]
[White "Clark, Robert G"]
[Black "Rahul Srivatshav P"]
[Result "0-1"]
[WhiteElo "2025"]
[BlackElo "2395"]
[Annotator "TA"]
[PlyCount "64"]
[EventDate "2018.10.31"]
[EventType "swiss"]
[EventCountry "GBR"]
[SourceTitle "playchess.com"]
[Source "ChessBase"]
[SourceQuality "1"]

{[%evp 28,64,14,11,32,29,44,-13,-22,-58,0,0,42,-205,-196,-337,-329,-329,-341,-341,-331,-367,-381,-409,-403,-473,-461,-476,-398,-353,-335,-566,-555,-589,-586,-579,-585,-791,-777]} 1. c4 Nf6 2. g3 g6 3. Bg2 Bg7 4. Nc3 O-O 5. Nf3 d6 6. O-O e5 7. d3 Nc6 8. Rb1 a5 9. a3 h6 10. b4 axb4 11. axb4 Be6 12. b5 Ne7 13. Bb2 Qd7 14. Re1 Bh3 15. Bh1 {LiveBook: 82 Games} Qg4 {A26: English Opening vs King's Indian with ...Nc6 and d3} (15... Ng4 16. Qb3 f5 17. Ra1 Rab8 18. c5+ d5 19. e4 c6 20. exd5 cxd5 21. Nxe5 Nxe5 22. Nxd5 Nxd5 23. Rxe5 Bxe5 24. Qxd5+ Qxd5 25. Bxd5+ Kh7 26. Bxe5 Ra8 27. Rxa8 Rxa8 28. Bxb7 Ra5 29. Bc6 f4 30. gxf4 Ra2 31. b6 {1-0 (31) Eljanov,P (2742)-Nakamura,H (2741) Moscow 2010}) 16. Qb3 $146 ({Predecessor:} 16. Ra1 Qh5 17. Qb3 Be6 18. Qb4 Ng4 19. Rxa8 Rxa8 20. Ra1 Rf8 21. Bg2 g5 22. c5 Nf6 23. cxd6 {1-0 (42) Fudalej,M (2209)-Walentukiewicz,M (2064) Jastrzebia Gora 2018}) 16... Qh5 17. c5 ({White should play} 17. Nd2 $14) 17... dxc5 $11 {The position is equal.} 18. Qc4 b6 (18... Nd7 $15) 19. Nxe5 $1 Qxe5 (19... Be6 {is interesting.} 20. Qf4 Rad8 21. Bf3 Qg5 22. Qxg5 hxg5 23. Ra1 g4) 20. Nd5 $2 {[#]} (20. Ne4 $1 $14 Qf5 21. Nxf6+ Bxf6 22. Be4) 20... Qd6 $19 21. Nxf6+ (21. Nf4 $142 Qd7 22. Bf3) 21... Bxf6 22. Bxf6 Qxf6 23. Bxa8 Rxa8 24. Qe4 Rd8 25. Ra1 Nd5 26. Ra7 Nc3 27. Qc6 Qxc6 28. bxc6 Nb5 29. Rb7 $2 {[#]} (29. Ra6 {was worth a try.}) 29... Ra8 {Black is clearly winning.} 30. f3 Bc8 31. Rb1 Nc3 32. Rb3 Nxe2+ 0-1

[Event "1st 4NCL International Open"]
[Site "Telford"]
[Date "2018.11.03"]
[Round "7"]
[White "Zabrocki, Philip"]
[Black "White, Stuart A"]
[Result "1/2-1/2"]
[WhiteElo "1952"]
[BlackElo "2113"]
[Annotator "NA"]
[PlyCount "38"]
[EventDate "2018.10.31"]
[EventType "swiss"]
[EventCountry "GBR"]
[SourceTitle "playchess.com"]
[Source "ChessBase"]
[SourceQuality "1"]
[TimeControl "5400+30"]

{[%evp 8,35,8,32767,32767,32767,32767,-13,-12,32767,-13,32767,32767,32767,32767,-3,32767,-2,32767,32767,32767,0,16,-8,0,32767,14,-35,32767,-51]} 1. e4 {[%emt 0:00:00]} c5 {[%emt 0:00:21]} 2. Nc3 {[%emt 0:00:00]} Nc6 {[%emt 0:00:06]} 3. g3 {[%emt 0:00:03]} g6 {[%emt 0:00:05]} 4. Bg2 {[%emt 0:00:08]} Bg7 {[%emt 0:00:04]} 5. d3 {[%emt 0:00:09]} d6 {[%emt 0:00:05]} 6. f4 {[%emt 0:00:12]} e6 {[%emt 0:00:07]} 7. Nf3 {[%emt 0:00:13]} Nge7 {[%emt 0:00:05]} 8. O-O {[%emt 0:00:08]} O-O {[%emt 0:00:03] LiveBook: 1467 Partien} 9. Be3 {[%emt 0:00:06]} Nd4 {[%emt 0:00:16]} 10. Rb1 {[%emt 0:00:33]} Nec6 {[%emt 0:01:52]} 11. Ne2 {[%emt 0:02:52]} Rb8 {[%emt 0:07:50]} 12. c3 {[%emt 0:01:34] B25: Closed Sicilian: 3 g3, lines without early Be3} Nxf3+ {[%emt 0:04:55]} 13. Bxf3 {[%emt 0:00:15]} b6 {[%emt 0:18:18]} (13... f5 14. exf5 gxf5 15. d4 cxd4 16. Nxd4 d5 17. Nxc6 bxc6 18. Bxa7 Ra8 19. Bc5 Rxa2 20. Bxf8 {1-0 (31) Stukopin,A (2471)-Usmanov,V (2289) Kirishi 2011}) 14. g4 {[%emt 0:02:47]} Ne7 {[%emt 0:02:03]} 15. Ng3 {[%emt 0:04:37]} f5 {[%emt 0:01:35]} 16. h3 $146 {[%emt 0:02:07]} ({Predecessor:} 16. gxf5 gxf5 17. Nh5 Bh6 18. Kh1 Bb7 19. Rg1+ Kh8 20. Qd2 Ng6 21. c4 Qe7 22. Rg3 e5 23. exf5 Rxf5 24. Qe2 Rxh5 {0-1 (24) Vujosevic,M (2005)-Savovic,D (2247) Cetinje 2009}) 16... Kh8 {[%emt 0:04:35]} 17. Bg2 {[%emt 0:04:22]} Bb7 {[%emt 0:01:44]} 18. d4 $15 {[%emt 0:04:26]} Qc7 {[%emt 0:05:53]} 19. gxf5 {[%emt 0:09:01]} gxf5 {[%emt 0:05:59]} 1/2-1/2

[Event "1st 4NCL International Open"]
[Site "Telford"]
[Date "2018.11.03"]
[Round "7"]
[White "Bennett, Dominic L"]
[Black "Mason, Donald J"]
[Result "0-1"]
[WhiteElo "1933"]
[BlackElo "2165"]
[Annotator "NA"]
[PlyCount "68"]
[EventDate "2018.10.31"]
[EventType "swiss"]
[EventCountry "GBR"]
[SourceTitle "playchess.com"]
[Source "ChessBase"]
[SourceQuality "1"]
[TimeControl "5400+30"]

1. Nf3 {[%emt 0:01:11]} e6 {[%emt 0:00:00]} 2. e4 {[%emt 0:00:43]} d5 {[%emt 0:02:29]} 3. exd5 {[%emt 0:01:37]} exd5 {[%emt 0:00:00]} 4. d4 {[%emt 0:00:06]} Nc6 {[%emt 0:00:00]} 5. Bg5 {[%emt 0:04:12]} f6 {[%emt 0:00:00]} 6. Qe2+ {[%emt 0:01:21]} Nge7 {[%emt 0:02:30]} 7. Bd2 {[%emt 0:03:31]} Bg4 {[%emt 0:02:54]} 8. c3 {[%emt 0:02:10]} Qd7 {[%emt 0:00:18]} 9. Qb5 {[%emt 0:02:18]} Rb8 {[%emt 0:18:19]} 10. Be2 {[%emt 0:07:08]} a6 {[%emt 0:03:00]} 11. Qa4 {[%emt 0:01:28]} Ng6 {[%emt 0:05:49]} 12. h3 {[%emt 0:09:35]} Be6 {[%emt 0:07:41]} 13. Qc2 {[%emt 0:07:55]} Bd6 {[%emt 0:05:13]} 14. Bd3 {[%emt 0:00:48]} O-O {[%emt 0:09:12]} 15. b4 {[%emt 0:04:17]} Rbe8 {[%emt 0:06:34]} 16. Kd1 {[%emt 0:01:10]} Rf7 {[%emt 0:06:22]} 17. Kc1 {[%emt 0:01:33]} a5 {[%emt 0:04:04]} 18. a3 {[%emt 0:01:04]} Nce7 {[%emt 0:01:48]} 19. g4 {[%emt 0:12:53]} b6 {[%emt 0:00:02]} 20. b5 {[%emt 0:02:15]} c5 {[%emt 0:05:28]} 21. a4 {[%emt 0:01:54]} c4 $19 {[%emt 0:02:01]} 22. Be2 {[%emt 0:01:28]} Nf4 {[%emt 0:01:05]} 23. Bxf4 {[%emt 0:00:43]} Bxf4+ {[%emt 0:00:05]} 24. Kb2 {[%emt 0:00:44]} Ng6 {[%emt 0:02:29]} 25. Ra2 {[%emt 0:03:55]} Rfe7 {[%emt 0:00:44]} 26. Bf1 {[%emt 0:04:28]} Bf7 {[%emt 0:01:05]} 27. Na3 {[%emt 0:04:19]} Bd6 {[%emt 0:01:13]} 28. Qf5 {[%emt 0:03:14]} Bxa3+ {[%emt 0:05:20]} 29. Rxa3 {[%emt 0:02:03]} Qd6 {[%emt 0:00:02]} 30. Qc2 {[%emt 0:04:28]} Nf4 {[%emt 0:00:14]} 31. Ra2 {[%emt 0:00:46]} Bg6 {[%emt 0:01:14]} 32. Qd1 {[%emt 0:00:27]} Nd3+ {[%emt 0:02:49]} 33. Bxd3 {[%emt 0:00:19]} Bxd3 {[%emt 0:00:03]} 34. Nh4 {[%emt 0:01:21]} Re2+ {[%emt 0:00:51]} 0-1

[Event "1st 4NCL International Open"]
[Site "Telford"]
[Date "2018.11.03"]
[Round "7"]
[White "Gibson, Christopher A"]
[Black "Paul, Nathanael"]
[Result "0-1"]
[WhiteElo "1924"]
[BlackElo "1890"]
[Annotator "NA"]
[PlyCount "58"]
[EventDate "2018.10.31"]
[EventType "swiss"]
[EventCountry "GBR"]
[SourceTitle "playchess.com"]
[Source "ChessBase"]
[SourceQuality "1"]
[TimeControl "5400+30"]

1. e4 {[%emt 0:00:00]} c6 {[%emt 0:00:00]} 2. d4 {[%emt 0:00:00]} d5 {[%emt 0:00:00]} 3. exd5 {[%emt 0:00:00]} cxd5 {[%emt 0:00:00]} 4. c4 {[%emt 0:00:00]} Nf6 {[%emt 0:00:00]} 5. Nc3 {[%emt 0:00:00]} Nc6 {[%emt 0:00:18] LiveBook: 2906 Games} 6. Bg5 {[%emt 0:00:10]} e6 {[%emt 0:09:01]} 7. Nf3 {[%emt 0:00:52]} Be7 {[%emt 0:01:21]} 8. Bd3 {[%emt 0:02:55]} dxc4 {[%emt 0:04:14] B14: Caro-Kann: Panov-Botvinnik Attack with 5...e6 and 5...g6} 9. Bxc4 {[%emt 0:00:22]} O-O {[%emt 0:00:08]} 10. Rc1 {[%emt 0:04:10]} a6 {[%emt 0:01:13]} 11. Bd3 {[%emt 0:11:03]} b5 {[%emt 0:13:42]} 12. O-O {[%emt 0:14:29]} Bb7 {[%emt 0:00:45]} 13. Bb1 {[%emt 0:18:26] [#]} Nd5 $146 {[%emt 0:15:21]} ({Predecessor:} 13... Rc8 14. Re1 Re8 15. a3 Nb8 16. Ne5 Nbd7 17. Qe2 Nf8 18. Bxf6 Bxf6 19. Be4 Bxe4 20. Qxe4 {½-½ (40) Yevseev,D (2529)-Goganov,A (2523) St Petersburg 2012}) 14. Qd3 {[%emt 0:11:07]} f5 {[%emt 0:03:42]} 15. Bxe7 {[%emt 0:01:15]} Ncxe7 {[%emt 0:02:35]} 16. Ne2 {[%emt 0:00:47]} Ng6 {[%emt 0:00:35]} 17. Qd2 {[%emt 0:03:26]} Qd6 {[%emt 0:03:14]} 18. Rfe1 $15 {[%emt 0:05:47]} Rf6 {[%emt 0:02:43]} 19. g3 {[%emt 0:09:03]} Rd8 {[%emt 0:06:40]} 20. Ng5 {[%emt 0:03:48]} Nb6 {[%emt 0:04:49]} 21. Nf4 {[%emt 0:02:52]} Nc4 {[%emt 0:05:11]} 22. Rxc4 {[%emt 0:01:58]} bxc4 {[%emt 0:00:08]} 23. Ngxe6 {[%emt 0:00:38]} Re8 {[%emt 0:02:59]} 24. d5 {[%emt 0:03:46]} Ne5 {[%emt 0:08:16]} 25. Qe3 {[%emt 0:01:23]} Rfxe6 {[%emt 0:02:35]} 26. dxe6 {[%emt 0:00:45]} Qc6 {[%emt 0:00:06]} 27. f3 {[%emt 0:01:17]} Nxf3+ {[%emt 0:00:28]} 28. Kf2 {[%emt 0:00:49]} Nxe1 {[%emt 0:00:18]} 29. Qxe1 {[%emt 0:00:11]} g5 {[%emt 0:02:37]} 0-1

[Event "1st 4NCL International Open"]
[Site "Telford"]
[Date "2018.11.03"]
[Round "7"]
[White "Rahulan, Thivyaa"]
[Black "Akeya-Price, Robert"]
[Result "0-1"]
[WhiteElo "1868"]
[BlackElo "1730"]
[Annotator "NA"]
[PlyCount "85"]
[EventDate "2018.10.31"]
[EventType "swiss"]
[EventCountry "GBR"]
[SourceTitle "playchess.com"]
[Source "ChessBase"]
[SourceQuality "1"]
[TimeControl "5400+30"]

1. e4 {[%emt 0:00:00]} c6 {[%emt 0:00:00]} 2. c4 {[%emt 0:00:30]} d5 {[%emt 0:00:00]} 3. cxd5 {[%emt 0:00:09]} cxd5 {[%emt 0:00:00]} 4. exd5 {[%emt 0:00:05]} Nf6 {[%emt 0:00:00]} 5. Qa4+ {[%emt 0:00:07]} Nbd7 {[%emt 0:00:00]} 6. Nc3 {[%emt 0:00:16]} g6 {[%emt 0:00:10]} 7. Bc4 {[%emt 0:00:11]} Bg7 {[%emt 0:00:10]} 8. d3 {[%emt 0:01:29] B10: Caro-Kann: 2 d3 and 2 c4} O-O {[%emt 0:00:14]} 9. Be3 {[%emt 0:00:49]} (9. Nf3 a6 10. Qa3 b6 11. O-O Bb7 12. Re1 Re8 13. Be3 b5 14. Bb3 Nb6 15. Bxb6 Qxb6 {0-1 (36) Bortnyk,O (2579)-Grischuk,A (2747) ICC INT 2016}) 9... a6 {[%emt 0:01:25]} 10. Qa3 {[%emt 0:00:23]} Nb6 {[%emt 0:02:13]} 11. Qb3 {[%emt 0:00:58]} Nbd7 $146 {[%emt 0:02:03]} ({Predecessor:} 11... Nxc4 12. dxc4 b5 13. cxb5 axb5 14. Rd1 b4 15. Qxb4 {0-1 (75) Seirawan,Y (2620)-Abel,D (2441) Berlin 2015}) 12. a4 {[%emt 0:00:21]} b6 {[%emt 0:05:05]} 13. Nf3 {[%emt 0:04:17]} Qc7 {[%emt 0:05:26]} 14. Rc1 {[%emt 0:03:30]} Nc5 {[%emt 0:04:35]} (14... Ng4 $1 $11) 15. Qa2 {[%emt 0:04:26]} Bf5 {[%emt 0:04:11]} 16. Rd1 {[%emt 0:03:23]} Bg4 {[%emt 0:10:05]} 17. b4 {[%emt 0:29:46]} Ncd7 {[%emt 0:10:34]} 18. Rc1 {[%emt 0:00:00]} Bxf3 {[%emt 0:02:00]} 19. gxf3 {[%emt 0:00:00]} Qb7 {[%emt 0:05:10]} 20. Qd2 {[%emt 0:00:00]} Rfc8 {[%emt 0:08:57]} 21. O-O {[%emt 0:08:08]} Ne5 {[%emt 0:23:19]} 22. Qe2 {[%emt 0:06:05]} b5 $11 {[%emt 0:04:06]} 23. f4 {[%emt 0:16:03]} Nxc4 {[%emt 0:00:13]} 24. dxc4 {[%emt 0:02:48]} Rxc4 {[%emt 0:01:37]} 25. axb5 {[%emt 0:00:00]} axb5 26. Nxb5 {[%emt 0:06:01]} Rxc1 {[%emt 0:00:04]} 27. Rxc1 {[%emt 0:00:37]} Nxd5 {[%emt 0:03:30]} 28. Rb1 {[%emt 0:00:31]} Rb8 {[%emt 0:00:22]} 29. Na3 {[%emt 0:00:10]} Nc3 {[%emt 0:00:54]} 30. Qc2 {[%emt 0:00:00]} Nxb1 {[%emt 0:00:10]} 31. Qxb1 {[%emt 0:00:00]} Qxb4 {[%emt 0:04:19]} 32. Qxb4 {[%emt 0:00:00]} Rxb4 {[%emt 0:00:23]} 33. Nc2 {[%emt 0:00:01]} Rb2 {[%emt 0:00:22]} 34. Nd4 {[%emt 0:00:41]} Bxd4 {[%emt 0:00:11]} 35. Bxd4 {[%emt 0:00:35]} Rb3 {[%emt 0:01:32]} 36. Kg2 f6 {[%emt 0:02:26]} 37. Bc5 {[%emt 0:00:12]} Kf7 {[%emt 0:00:08]} 38. Be3 {[%emt 0:00:23]} Ke6 {[%emt 0:00:22]} 39. Kf3 {[%emt 0:00:12]} Kf5 {[%emt 0:00:00]} 40. Kg2 {[%emt 0:00:00]} h5 {[%emt 0:00:00]} 41. h3 {[%emt 0:00:00]} Rd3 {[%emt 0:00:32]} 42. Kh2 {[%emt 0:00:00]} Ke4 {[%emt 0:00:29]} 43. Kg2 {[%emt 0:00:59]} 0-1

[Event "1st 4NCL International Open"]
[Site "Telford"]
[Date "2018.11.03"]
[Round "7"]
[White "Ther, Mate"]
[Black "Ross, Stuart"]
[Result "1-0"]
[WhiteElo "1759"]
[BlackElo "1608"]
[Annotator "NA"]
[PlyCount "37"]
[EventDate "2018.10.31"]
[EventType "swiss"]
[EventCountry "GBR"]
[SourceTitle "playchess.com"]
[Source "ChessBase"]
[SourceQuality "1"]
[TimeControl "5400+30"]

1. e4 {[%emt 0:00:00]} c5 {[%emt 0:00:00]} 2. Nf3 {[%emt 0:00:00]} d6 {[%emt 0:00:00]} 3. d4 {[%emt 0:00:00]} cxd4 {[%emt 0:00:04]} 4. Nxd4 {[%emt 0:00:00]} Nf6 {[%emt 0:00:14]} 5. f3 {[%emt 0:00:00]} a6 {[%emt 0:01:20]} 6. c4 {[%emt 0:00:00]} g6 {[%emt 0:02:39]} 7. Nc3 {[%emt 0:00:00]} Bg7 {[%emt 0:00:14]} 8. Be3 {[%emt 0:00:00]} O-O {[%emt 0:00:53]} 9. Be2 {[%emt 0:00:03]} Bd7 {[%emt 0:02:25]} 10. O-O {[%emt 0:00:08]} Nc6 {[%emt 0:00:23]} 11. Qd2 {[%emt 0:00:07]} Rc8 {[%emt 0:02:13]} 12. Rac1 {[%emt 0:00:35]} Ne5 {[%emt 0:02:32]} 13. b3 {[%emt 0:00:08]} Nc6 {[%emt 0:01:16]} 14. Rfd1 {[%emt 0:00:11]} Nxd4 {[%emt 0:02:16]} 15. Bxd4 {[%emt 0:00:08]} Qa5 {[%emt 0:03:00]} 16. Nd5 {[%emt 0:00:13]} Qxd2 {[%emt 0:05:39]} 17. Nxe7+ {[%emt 0:00:26]} Kh8 {[%emt 0:00:21]} 18. Rxd2 {[%emt 0:00:19]} Bh6 {[%emt 0:00:33]} 19. Bxf6+ {[%emt 0:00:22]} 1-0

[Event "1st 4NCL International Open"]
[Site "Telford"]
[Date "2018.11.04"]
[Round "8"]
[White "Korneev, Oleg"]
[Black "Arkell, Keith C"]
[Result "1-0"]
[WhiteElo "2551"]
[BlackElo "2443"]
[Annotator "TA"]
[PlyCount "129"]
[EventDate "2018.10.31"]
[EventType "swiss"]
[EventCountry "GBR"]
[SourceTitle "playchess.com"]
[Source "ChessBase"]
[SourceQuality "1"]

{[%evp 26,129,50,33,33,29,33,26,70,47,47,43,52,39,43,45,60,64,57,53,53,16,35,0,0,0,0,0,0,0,0,0,24,2,32,18,20,16,16,20,18,23,27,14,47,47,46,47,46,47,43,22,13,13,13,14,27,11,11,11,17,29,53,54,64,49,89,64,64,64,64,64,84,84,99,77,144,84,84,85,87,0,43,29,96,29,33,35,345,331,255,15,416,29,30,0,480,475,458,458,7778,7793,29979,29980,29986,29987]} 1. e4 e6 2. d4 d5 3. Nc3 dxe4 4. Nxe4 Bd7 5. Nf3 Bc6 6. Bd3 Nd7 7. O-O Be7 8. c3 Ngf6 9. Ng3 O-O 10. Re1 Bxf3 11. Qxf3 c6 12. Bd2 {C10: French with 3 Nc3: Unusual Black 3rd moves and 3...dxe4} (12. Bc2 Re8 13. h4 Qa5 14. a4 Rad8 15. b4 Qc7 16. a5 Bd6 17. Bb3 Bxg3 18. fxg3 Nd5 19. Ra2 e5 {0-1 (35) Nepomniachtchi,I (2720)-Gelfand,B (2741) Moscow 2010}) 12... Re8 13. Rad1 Qb6 14. Bc1 {LiveBook: 6 Games. White is slightly better.} c5 15. dxc5 Nxc5 16. Bc2 a5 17. Nh5 Nxh5 18. Qxh5 $146 ({Predecessor:} 18. Bxh7+ Kf8 19. Qxh5 Bf6 {0-1 (32) Lo Presti,R (1955)-De Luca,C (2085) Buenos Aires 2017}) 18... g6 $1 {[%cal Rg6h5]} 19. Qe5 Rac8 20. g3 Qc7 21. Qxc7 Rxc7 22. Bf4 Rcc8 23. b4 Na6 24. Ba4 Red8 25. Rxd8+ Bxd8 26. Bd2 Bf6 27. a3 Rd8 ({But not} 27... Bxc3 $2 28. Rc1 $18) 28. Rd1 Nc7 29. c4 Rd3 30. Bc1 Rxd1+ 31. Bxd1 axb4 32. axb4 $11 {[%mdl 4096] Endgame KBB-KBN} Bc3 33. b5 {[#] Strongly threatening Be3.} Bd4 34. Ba3 e5 35. Bf3 b6 36. Bd6 Ne6 37. Bd5 Nc5 $1 38. Kg2 Kg7 39. Bc7 Nd3 40. f3 f6 41. h4 Bc5 42. Kf1 Nc1 43. Ke1 Nb3 44. g4 Nd4 45. g5 h6 46. Bd8 hxg5 47. hxg5 fxg5 48. Bxg5 Nf5 49. Ke2 Kf8 50. Kd3 Bd4 (50... Be7 $142 51. Bd2 Kg7) 51. Bc1 ({White should play} 51. Be6) 51... Ke7 $16 52. Ba3+ Kf6 53. Bc1 ({White should try} 53. Bc6 $16) 53... g5 54. Ba3 Ne7 (54... Ne3 $11 {keeps the balance.}) 55. Ke4 (55. Be4 $16) 55... Nf5 $1 $11 56. Bc6 Ne7 $2 {[%mdl 8192] [#]} (56... Ne3 $14) 57. Bd7 $1 $18 Ng8 58. Kd5 $2 (58. Bd6 $18) 58... Kg6 $2 {[%mdl 8192]} (58... Ne7+ $11 59. Ke4 Ng8) 59. Be8+ $2 ({Better is} 59. c5 $18 {Threatens to win with c6.} Nf6+ 60. Ke6) 59... Kf5 $1 $11 {aiming for ...Nf6+.} 60. Bd7+ Kf4 $2 {[%mdl 8192]} (60... Kg6 $1 $11 {and Black stays safe.}) 61. Bc1+ $18 Kxf3 62. Bxg5 Be3 (62... Bc5 $142 63. Kxe5 Ne7 64. Bc6+ Kg4) 63. Bxe3 Kxe3 64. Kxe5 Nh6 65. Be6 {Precision: White = 55%, Black = 36%.} 1-0

[Event "1st 4NCL International Open"]
[Site "Telford"]
[Date "2018.11.04"]
[Round "8"]
[White "Gonda, Laszlo"]
[Black "Turner, Matthew J"]
[Result "0-1"]
[WhiteElo "2524"]
[BlackElo "2536"]
[Annotator "TA"]
[PlyCount "110"]
[EventDate "2018.10.31"]
[EventType "swiss"]
[EventCountry "GBR"]
[SourceTitle "playchess.com"]
[Source "ChessBase"]
[SourceQuality "1"]

{[%evp 25,110,47,31,31,40,48,54,39,50,43,43,44,34,39,37,52,41,27,31,15,31,18,17,15,18,8,26,16,22,16,15,10,27,21,24,22,16,20,24,34,56,32,37,36,38,32,30,6,57,15,117,83,100,59,116,118,118,111,110,0,0,-22,-29,-61,-66,-80,-63,-170,-186,-221,-202,-242,-13,-6,-5,-233,-206,-121,-114,-354,-350,-389,-360,-393,-379,-2112,-1933]} 1. Nf3 Nf6 2. g3 g6 3. Bg2 Bg7 4. c4 O-O 5. d4 d6 6. O-O Nc6 7. Nc3 a6 8. b3 Rb8 9. d5 Na5 {E63: King's Indian: Fianchetto: Panno Variation with 7...a6} 10. Bg5 (10. Bd2 c5 11. dxc6 Nxc6 12. Qc1 Bd7 13. Bh6 b5 14. Bxg7 Kxg7 15. cxb5 axb5 16. Qb2 Kg8 17. b4 Qb6 18. Rfd1 Rfc8 {½-½ (77) Inarkiev,E (2689)-Zhao,J (2604) Riadh 2017}) 10... c5 11. dxc6 Nxc6 12. Rc1 h6 13. Bd2 Be6 {LiveBook: 3 Games} 14. Ne1 Qd7 $146 ({Predecessor:} 14... Bd7 15. Nd3 e6 16. c5 Ne5 17. Nxe5 dxe5 {0-1 (50) Schandorff,L (2515)-Krnan,T (2430) Baku 2016}) 15. Nd5 Kh7 16. Nd3 Bh3 17. Nb6 Qf5 18. f3 Bxg2 19. Kxg2 g5 20. Bc3 Rbd8 21. Qc2 Nd7 22. Nd5 e6 23. Ne3 Qg6 24. Bxg7 Kxg7 25. Rfd1 Nc5 26. Qb2+ Qf6 27. Qa3 Nxd3 28. Rxd3 Qe5 29. Rcd1 f5 {Strongly threatening ...f4.} 30. Kf1 Qc5 31. Qb2+ Kg6 32. Qd2 $36 {[%cal Rd3d6][%mdl 2048] White has some pressure.} Ne5 33. b4 Qc6 34. Rd4 g4 35. f4 Nf7 {aiming for ...Qh1+.} (35... Qh1+ $2 36. Kf2 $16) 36. Kf2 h5 (36... b5 $11) 37. Qd3 h4 (37... Rc8 $11) 38. gxh4 Kf6 39. a3 b5 (39... Ke7 $14) 40. Qc3 $16 Ke7 41. c5 dxc5 42. bxc5 (42. Rxd8 $1 $16 {Threatens to win with Nxf5+!} Rxd8 43. Rxd8 (43. Qxc5+ Qxc5 44. bxc5 Rc8 $14) 43... Nxd8 44. Qe5 (44. Qxc5+ Qxc5 45. bxc5 Kd7 $16) (44. bxc5 Nf7 $16)) 42... Rxd4 $1 $11 43. Rxd4 Rc8 $1 44. Qd2 Rc7 45. h5 Qxc5 46. Kg3 (46. a4 $15) 46... Qxa3 $19 47. Rd3 Qc5 48. Qb2 a5 $2 ({Black should try} 48... Rc8 $19 {White must now prevent ...b4.} 49. Qg7 b4) 49. Qg7 $11 Qc1 {( -> ...Qe1+)} 50. Ng2 $2 (50. Kf2 $11 {and White stays safe.}) 50... b4 $1 $19 ({Less strong is} 50... Qg1 51. Re3 $11 (51. h6 e5 $15)) 51. Kf2 Qc5+ 52. Re3 $2 {[#]} (52. Kg3 $17) 52... Rd7 $1 53. Nh4 {[#]} Kd8 $1 54. Ng6 Nd6 55. Qf8+ $2 (55. Qe5 Ne4+ 56. Kg2 Qxe5 57. Nxe5) 55... Kc7 {Precision: White = 50%, Black = 62%.} 0-1

[Event "1st 4NCL International Open"]
[Site "Telford"]
[Date "2018.11.04"]
[Round "8"]
[White "Dgebuadze, Alexandre"]
[Black "Richardson, John R"]
[Result "1-0"]
[WhiteElo "2485"]
[BlackElo "2213"]
[Annotator "TA"]
[PlyCount "75"]
[EventDate "2018.10.31"]
[EventType "swiss"]
[EventCountry "GBR"]
[SourceTitle "playchess.com"]
[Source "ChessBase"]
[SourceQuality "1"]

{[%evp 16,75,0,-9,10,12,10,-46,0,-27,18,-14,-2,-48,-40,-33,-41,-37,0,0,-13,-9,60,45,54,38,61,41,33,18,109,112,168,171,168,100,197,199,324,320,370,378,537,521,558,591,571,489,625,616,689,652,635,520,506,506,995,993,959,891,866,826]} 1. c4 {Bulletin} Nf6 2. Nc3 e6 3. Nf3 d5 4. e3 b6 5. d4 Bb7 6. cxd5 exd5 7. Bd3 Bd6 8. O-O O-O 9. Qc2 {LiveBook: 31 Games. E14: Queen's Indian: Classical Variation (4 e3)} (9. b3 Nbd7 10. Bb2 a6 11. Rc1 Ne4 12. Ne2 Qe7 13. Qc2 Rac8 14. Ng3 f5 15. Qe2 b5 16. Rc2 c6 17. Rfc1 Rce8 18. Nf1 Qf6 19. Ne1 Qh6 20. Rd1 Re6 {½-½ (28) Li,C (2739)-Schroeder,J (2552) Germany 2017}) 9... Na6 10. a3 c5 11. Bd2 (11. Nb5 $11) 11... c4 12. Bf5 g6 13. Bh3 Nc7 14. Ne5 $146 ({Predecessor:} 14. Rad1 b5 15. Ne5 a5 {½-½ (59) Bachmayr,P (2270)-Farago,I (2510) Bayern 1994 EXT 1999 [Bulletin]}) 14... Qe7 15. f4 b5 $1 16. g4 Ne4 17. Nxe4 dxe4 18. g5 Rfd8 ({Black should play} 18... Bxe5 $11 19. dxe5 a5) 19. Ng4 $36 {[%mdl 2048] White is more active.} Nd5 20. Bg2 Re8 21. Rf2 Rac8 22. Raf1 b4 (22... Rc7 $11) 23. axb4 $16 Bxb4 (23... Rc7 $16) 24. Bxb4 Nxb4 25. Qa4 (25. Qd2 $18) 25... Bc6 {[#]} (25... Nd5 $16) 26. Qa5 $1 $18 Nd3 (26... Nd5 $142 27. Re2 Bb7) 27. Nf6+ Kh8 28. Rc2 ({Resist} 28. Nxe8 Rxe8 29. Rc2 Qe6 $18) 28... Red8 (28... Qd8 $142 29. Qc3 (29. Qxa7 Re7 $18) 29... Bd5) 29. Rxc4 {White is clearly winning.} Nxb2 30. Rc2 Nd3 31. d5 Bb7 32. Rxc8 Bxc8 33. Qa1 Bf5 34. Nxe4+ Kg8 35. Nf6+ {[%cal Be4f6,Bf6g4,Bg4e5][%mdl 32]} Kh8 (35... Kf8 $142 36. Nxh7+ Kg8) 36. Ng4+ f6 37. gxf6 Qf8 38. Ne5 {Precision: White = 59%, Black = 28%.} 1-0